Đàm thoại tiếng anh cho nhân viên bán hàng
Kaydedildi:
| Materyal Türü: | Kitap |
|---|---|
| Dil: | Undetermined |
| Konular: | |
| Etiketler: |
Etiketle
Etiket eklenmemiş, İlk siz ekleyin!
|
| Thư viện lưu trữ: | Trung tâm Học liệu Trường Đại học Cần Thơ |
|---|
| LEADER | 00439nam a2200133Ia 4500 | ||
|---|---|---|---|
| 001 | CTU_118830 | ||
| 008 | 210402s9999 xx 000 0 und d | ||
| 082 | |a 428.24 | ||
| 082 | |b Đ104 | ||
| 245 | 0 | |a Đàm thoại tiếng anh cho nhân viên bán hàng | |
| 650 | |a English language,English language | ||
| 650 | |x Conversation and phrase books,Spoken english | ||
| 904 | |i Vuong | ||
| 980 | |a Trung tâm Học liệu Trường Đại học Cần Thơ | ||